Skew Linear Groups

Αποθηκεύτηκε σε:
Λεπτομέρειες βιβλιογραφικής εγγραφής
Κύριος συγγραφέας: Shirvani, M.
Άλλοι συγγραφείς: Wehrfritz, Bertram A. F.
Μορφή: Βιβλίο
Γλώσσα:English
Δημοσίευση: Cambridge : Cambridge University Press, 1986
Σειρά:London Mathematical Society lecture note series ; ; 118
Θέματα:
Ετικέτες: Προσθήκη ετικέτας
Δεν υπάρχουν, Καταχωρήστε ετικέτα πρώτοι!

MARC

LEADER 00000nam a2200000 i 4500
001 1/29446
008 960628s1986 eng d
020 |a 0-521-33925-1 
035 |a 1995  |l 10038322 
040 |a GR-MY-UA  |b gre  |e aacr 
041 0 |a eng 
082 0 |a 512.2 
100 1 |a Shirvani, M. 
245 1 0 |a Skew Linear Groups /  |c M. Shirvani and B.A.F. Wehrfritz 
260 |a Cambridge :   |b Cambridge University Press,   |c 1986 
300 |a 253 p.;  |c 23 cm. 
490 1 |a London Mathematical Society lecture note series  |v ; 118 
500 |a Includes bibliographical references and indexes 
650 0 0 |a Finite groups. 
700 1 |a Wehrfritz, Bertram A. F. 
830 0 |a London Mathematical Society lecture note series ;  |v ; 118 
852 |a INST  |b SAMOS  |e 19960628  |h 512.2 SHI  |p 005300005419  |q 005300005419  |t BK  |y 0 
909 |a Σ  |b 041384